MESTSKÁ KNIŽNICA GIRALTOVCE  - online katalóg 

Ženské bolesti chrbtice (Record no. 19934)

000 -NÁVESTIE
fixed length control field 01338nam a2200397 a 4500
008 - ÚDAJE S PEVNOU DĹŽKOU – VŠEOBECNÉ INFORMÁCIE
fixed length control field 090306s2008||||xo oal d f 000 0dslo d
020 ## - MEDZINÁRODNÉ ŠTANDARDNÉ ČÍSLO KNIHY (ISBN)
Medzinárodné štandardné číslo knihy (ISBN) 9788089089741
Qualifying information (viaz.)
Údaje o dostupnosti Dar
040 ## - ZDROJ KATALOGIZÁCIE
Pôvodná katalogizujúca agentúra SNK
Jazyk katalogizácie slo
Prepisujúca agentúra SNK
Konvencie popisu AACR2
041 0# - KÓD JAZYKA
Kód jazyka textu/zvukovej stopy alebo samostatných nápisov slo
044 ## - KÓD KRAJINY VYDAVATEĽA/PRODUCENTA
Kód krajiny MARC xo
Kód krajiny ISO SK
072 #7 - KÓD PREDMETOVEJ KATEGÓRIE
Kód predmetovej kategórie 617
Pododdiel kódu predmetovej kategórie Ortopédia. Chirurgia. Oftalmológia
Zdroj konspekt
072 #7 - KÓD PREDMETOVEJ KATEGÓRIE
Kód predmetovej kategórie 615.8
Pododdiel kódu predmetovej kategórie Fyzioterapia. Psychoterapia. Alternatívna medicína
Zdroj konspekt
080 ## - ČÍSLO MEDZINÁRODNÉHO DESATINNÉHO TRIEDENIA (MDT)
Číslo Medzinárodného desatinného triedenia (MDT) 316.346.2-055.2
Identifikátor vydania 2001
080 ## - ČÍSLO MEDZINÁRODNÉHO DESATINNÉHO TRIEDENIA (MDT)
Číslo Medzinárodného desatinného triedenia (MDT) 617.547-009.7
Identifikátor vydania 2001
080 ## - ČÍSLO MEDZINÁRODNÉHO DESATINNÉHO TRIEDENIA (MDT)
Číslo Medzinárodného desatinného triedenia (MDT) 612.663
Identifikátor vydania 2001
080 ## - ČÍSLO MEDZINÁRODNÉHO DESATINNÉHO TRIEDENIA (MDT)
Číslo Medzinárodného desatinného triedenia (MDT) 616.62-008.22
Identifikátor vydania 2001
080 ## - ČÍSLO MEDZINÁRODNÉHO DESATINNÉHO TRIEDENIA (MDT)
Číslo Medzinárodného desatinného triedenia (MDT) 616.71-007.234
Identifikátor vydania 2001
080 ## - ČÍSLO MEDZINÁRODNÉHO DESATINNÉHO TRIEDENIA (MDT)
Číslo Medzinárodného desatinného triedenia (MDT) 615.825
Identifikátor vydania 2001
080 ## - ČÍSLO MEDZINÁRODNÉHO DESATINNÉHO TRIEDENIA (MDT)
Číslo Medzinárodného desatinného triedenia (MDT) (035)
Identifikátor vydania 2001
080 ## - ČÍSLO MEDZINÁRODNÉHO DESATINNÉHO TRIEDENIA (MDT)
Číslo Medzinárodného desatinného triedenia (MDT) 796.012.6
Identifikátor vydania 2001
100 1# - OSOBNÉ MENÁ – VŠEOBECNÉ INFORMÁCIE
Osobné meno Ďurišová, Elena
245 10 - NÁZOV
Názov Ženské bolesti chrbtice
Zvyšok názvu (sterilita, inkontinencia, osteoporóza)
Údaj o zodpovednosti atď. Elena Ďurišová
250 ## - ÚDAJ O PORADÍ VYDANIA
Údaj o poradí vydania [1. vyd.]
260 ## - VYDAVATEĽSKÉ ÚDAJE, DISTRIBÚCIA ATĎ.
Miesto publikovania, distribúcie atď. [Hlohovec]
Názov vydavateľa, distibútora atď. Elena Ďurišová - AKU-HOMEO
Dátum publikovania, distribúcie atď. 2008
300 ## - FYZICKÝ POPIS
Rozsah 259 s.
Ďalšie fyzické detaily fareb. fotogr., ilustr., tab.
Rozmery 24 cm
500 ## - VŠEOBECNÁ POZNÁMKA
Formátovaná poznámka o obsahu Biogr. údaje
500 ## - VŠEOBECNÁ POZNÁMKA
Formátovaná poznámka o obsahu Miesto vyd. podľa ISBN
504 ## -
-- Bibliogr. s. 253-254. Výkladový slovník
650 07 - PRIDANÝ VSTUP – PREDMET – TEMATICKÉ HESLO
Tematické heslo alebo geografický názov ako vstupný prvok ženy
Zdroj hesla alebo termínu SNKPH
650 07 - PRIDANÝ VSTUP – PREDMET – TEMATICKÉ HESLO
Tematické heslo alebo geografický názov ako vstupný prvok bolesti chrbtice
Zdroj hesla alebo termínu SNKPH
650 07 - PRIDANÝ VSTUP – PREDMET – TEMATICKÉ HESLO
Tematické heslo alebo geografický názov ako vstupný prvok neplodnosť
Zdroj hesla alebo termínu SNKPH
650 07 - PRIDANÝ VSTUP – PREDMET – TEMATICKÉ HESLO
Tematické heslo alebo geografický názov ako vstupný prvok inkontinencia moču
Zdroj hesla alebo termínu SNKPH
650 07 - PRIDANÝ VSTUP – PREDMET – TEMATICKÉ HESLO
Tematické heslo alebo geografický názov ako vstupný prvok osteoporóza
Zdroj hesla alebo termínu SNKPH
650 07 - PRIDANÝ VSTUP – PREDMET – TEMATICKÉ HESLO
Tematické heslo alebo geografický názov ako vstupný prvok pohybová terapia
Zdroj hesla alebo termínu SNKPH
650 07 - PRIDANÝ VSTUP – PREDMET – TEMATICKÉ HESLO
Tematické heslo alebo geografický názov ako vstupný prvok telesné cvičenia
Zdroj hesla alebo termínu SNKPH
Holdings
Stav stiahnutia (Blokovanie) (Withrawn status) Stav straty Zdroj klasifikácie pre skladovanie Stav poškodenia (Damaged status) Nie pre výpožičky (Not for loan) Spôsob nadobudnutia (Collection code) Trvalé umiestnenie Aktuálne umiestnenie Dátum nadobudnutia Inventárne číslo (prírastkové číslo) Full call number Čiarový kód Dátum posledného výskytu Cena s účinnosťou od Typ jednotky Koha
          Dar Mestská knižnica Giraltovce Mestská knižnica Giraltovce 2019-11-29 18 419 V 288 18 419 2019-11-29 2019-11-29 Odborná literatúra pre dospelých

Powered by Koha